[Event "Montigny le Bretonneux op 20th"]
[Site "Montigny le Bretonneux"]
[Date "2022.10.27"]
[Round "6"]
[White "Alata, Aurelien"]
[Black "Larzilliere, Yoan"]
[Result "1-0"]
[WhiteElo "1306"]
[BlackElo "1199"]
[PlyCount "67"]
[EventDate "2022.10.22"]
[EventType "swiss"]
[EventRounds "9"]
[EventCountry "FRA"]
[SourceTitle "EXT 2024"]
[Source "ChessBase"]
[SourceDate "2023.10.10"]
[SourceVersion "1"]
[SourceVersionDate "2023.10.10"]
[SourceQuality "1"]

1. d4 Nf6 2. c4 g6 3. Nf3 Bg7 4. g3 c6 5. Bg2 d5 6. Nbd2 0-0 7. 0-0 Qb6 8. cxd5 cxd5 9. b3 Ne4 10. Bb2 Nc6 11. e3 Bf5 12. Nh4 Nxd2 13. Qxd2 Be4 14. f3 g5 15. fxe4 gxh4 16. exd5 Qb4 17. Bc3 Qd6 18. dxc6 hxg3 19. hxg3 Qxg3 20. Qf2 Qxf2+ 21. Rxf2 Rac8 22. Bb4 bxc6 23. Bxe7 Rfe8 24. Bg5 c5 25. Rd2 f6 26. Bf4 Rcd8 27. Rad1 cxd4 28. Rxd4 Rc8 29. Rd7 a5 30. Ra7 Rc5 31. Rdd7 Rc1+ 32. Kh2 Bf8 33. Bd5+ Kh8 34. Rxh7# 1-0

[Event "Montigny le Bretonneux op 20th"]
[Site "Montigny le Bretonneux"]
[Date "2022.10.23"]
[Round "2"]
[White "Schwartz, Timothee"]
[Black "Larzilliere, Yoan"]
[Result "1-0"]
[WhiteElo "1334"]
[BlackElo "1199"]
[PlyCount "119"]
[EventDate "2022.10.22"]
[EventType "swiss"]
[EventRounds "9"]
[EventCountry "FRA"]
[SourceTitle "EXT 2024"]
[Source "ChessBase"]
[SourceDate "2023.10.10"]
[SourceVersion "1"]
[SourceVersionDate "2023.10.10"]
[SourceQuality "1"]

1. e4 c5 2. Nf3 Nc6 3. Bb5 g6 4. 0-0 Bg7 5. Re1 Nf6 6. c3 d6 7. Bxc6+ bxc6 8. e5 dxe5 9. Nxe5 Qc7 10. Qe2 Nd5 11. g3 0-0 12. Na3 Be6 13. Nd3 c4 14. Nc5 Bf5 15. Qxc4 a5 16. d4 Qb6 17. Qe2 Rfe8 18. Nc2 Rab8 19. Ne3 Nxe3 20. Qxe3 e5 21. b3 h6 22. Qd2 Rbd8 23. Bb2 Qxc5 24. Qe2 exd4 25. Qxe8+ Rxe8 26. Rxe8+ Kh7 27. cxd4 Bxd4 28. Rc1 Qd5 29. Rd1 Bh3 30. Rh8+ Bxh8 31. Rxd5 Bxb2 32. Rxa5 Be6 33. Ra6 Bd5 34. a4 Bxb3 35. Rb6 Bxa4 36. Rxb2 Bb5 37. Kg2 g5 38. Kf3 Kg6 39. Ke4 f6 40. Rd2 h5 41. h4 Bc4 42. hxg5 Bd5+ 43. Ke3 fxg5 44. Rd4 Kf6 45. f4 gxf4+ 46. Kxf4 Kg6 47. Ra4 Be6 48. Ra6 Bd5 49. Ra8 Be6 50. Re8 Bd5 51. Re5 Bc4 52. Rg5+ Kh6 53. Kf5 Bd3+ 54. Kf6 Bc4 55. Re5 Bd5 56. Re8 Kh7 57. Kg5 Bf3 58. Re7+ Kg8 59. Kg6 Kf8 60. Rf7+ 1-0